Inventarizácia a riziká s ňou spojené pre účtovnú jednotku ako aj jej audítora diplomová práca
Uložené v:
| Hlavný autor: | |
|---|---|
| Korporativný autor: | |
| Ďalší autori: | |
| Médium: | Kniha |
| Jazyk: | Slovak |
| Vydavateľské údaje: |
Bratislava
2023
|
| Tagy: |
Žiadne tagy, Buďte prvý, kto otaguje tento záznam!
|
MARC
| LEADER | 00000nbm a2200000 4500 | ||
|---|---|---|---|
| 001 | 0294142 | ||
| 005 | 20240327133722.4 | ||
| 041 | 0 | |a slo | |
| 044 | |a SK | ||
| 245 | 1 | 0 | |a Inventarizácia a riziká s ňou spojené pre účtovnú jednotku ako aj jej audítora |b diplomová práca |c Mária Dzurillová ; školiteľ: Daša Mokošová |
| 264 | 1 | |a Bratislava |c 2023 | |
| 300 | |a 76 s. | ||
| 100 | 1 | |a Dzurillová, Mária | |
| 700 | 1 | |a Mokošová, Daša, 1979- | |
| 710 | 2 | |a Fakulta hospodárskej informatiky EU. Katedra účtovníctva a audítorstva | |